00638nam a2200169Ia 4500003000900000008004100009040001600050080001500066100002400081245012600105260004200231300001400273650002300287942000700310999001700317952013400334IN-BaIIA211028s9999 xx 000 0 eng d cIIA Library a321.7bNAN aNandy, Ashis919236 0aIntimate enemybloss and recovery of self under colonialismcAshis Nandy  aOxfordbOxford University Pressc1993 axx, 121p. aColonialism921282 cBK c12189d12189 00104070aBANbBANcGENd1997-08-06g100.00l0o321.7/NANp13105r2021-11-05v100.00w1997-08-06yBKGRs. 100.00